| 000 | 00617nam a22001937a 4500 | ||
|---|---|---|---|
| 999 |
_c14300 _d14300 |
||
| 003 | AR-CdUCM | ||
| 008 | 190329b ||||| |||| 00| 0 spa d | ||
| 040 |
_aMUNICIPALIDAD PROVINCIAL DEL CUSCO _cBIBLIOTECA MUNICIPAL DEL CUSCO |
||
| 082 |
_aEP / 609.2 / _bP48 |
||
| 100 |
_aPetersham, Maud y Miska. _933027 |
||
| 245 |
_aLa historia del oro : _bNarración para niños / |
||
| 260 |
_bJuventud, S.A.,, _aBuenos Aires, |
||
| 300 |
_bIlustraciones _c20 cm |
||
| 505 | _aContenido :La historia del oro . | ||
| 650 |
_aHistorietas _910786 |
||
| 650 |
_aCuentos _9217 |
||
| 942 |
_2ddc _cLIBROS |
||
| 945 |
_arum _d2019-04-22 |
||